| 000 | 02830nam0a2200421 4500 | ||
|---|---|---|---|
| 001 | RU\NLR\bibl\181372 | ||
| 005 | 20250618062947.0 | ||
| 010 |
_a5-89199-001-6 _911000 |
||
| 021 |
_aRU _b2001-20683 _9974 |
||
| 035 | _a(NLR Aleph) 000178041 | ||
| 090 |
_a1027369 _c1027369 |
||
| 100 | _a20010724d2001 |||y0rusy50 ca | ||
| 101 | 0 | _arus | |
| 102 | _aRU | ||
| 105 | _aa ||||||||| | ||
| 200 | 1 |
_aАвтомобили "Москвич" модели 2141-01, 21412-01, 214122, 214123, 2335, 23352, 233522, 233523 _eТехн. обслуживание и текущий ремонт |
|
| 210 |
_aМ. _cЛиния-2000 _d2001 |
||
| 215 |
_a292, [3] с. _cил. _d26 |
||
| 300 | _aЗагл. обл. : Автомобиль "Москвич" 2141; 2335 и их модификации: Объем цилиндров 1,57; 1,48; 1,7; 1,8 | ||
| 512 | 1 |
_aАвтомобиль "Москвич" 2141; 2335 и их модификации _eОбъем цилиндров 1,57; 1,48; 1,7; 1,8 |
|
| 606 | 0 |
_aАвтомобили "Москвич" 2141 _jРуководства, пособия и т.п. _xРемонт _91051577 _3RU\NLR\auth\6688486 |
|
| 606 | 0 |
_a"Москвич" 2141, легковые автомобили _jРуководства, пособия и т.п. _xРемонт _92096734 _3RU\NLR\auth\661268551 |
|
| 606 | 0 |
_aАвтомобили "Москвич" 2141 _jРуководства, пособия и т.п. _xТехническое обслуживание _92182587 _3RU\NLR\auth\661312418 |
|
| 606 | 0 |
_a"Москвич" 2141, легковые автомобили _jРуководства, пособия и т.п. _xТехническое обслуживание _92182598 _3RU\NLR\auth\661312422 |
|
| 606 | 0 |
_aАвтомобили "Москвич" 2335 _jРуководства, пособия и т.п. _xРемонт _92182589 _3RU\NLR\auth\661312419 |
|
| 606 | 0 |
_a"Москвич" 2335, легковые автомобили _jРуководства, пособия и т.п. _xРемонт _92182600 _3RU\NLR\auth\661312423 |
|
| 606 | 0 |
_aАвтомобили "Москвич" 2335 _jРуководства, пособия и т.п. _xТехническое обслуживание _92182595 _3RU\NLR\auth\661312421 |
|
| 606 | 0 |
_a"Москвич" 2335, легковые автомобили _jРуководства, пособия и т.п. _xТехническое обслуживание _92182604 _3RU\NLR\auth\661312425 |
|
| 610 | 0 | _aАвтомобили легковые малолитражные - Уход и обслуживание | |
| 675 |
_a629.33-181.4.078 _v3 _zrus |
||
| 686 |
_a55.43 _2rugasnti |
||
| 686 |
_a39.335.52-08 _2rubbk |
||
| 686 | _aО335.52-08я7"Москвич" | ||
| 801 | 0 |
_aRU _bRKP _c20010724 _gPSBO |
|
| 801 | 1 |
_aRU _bRKP _c20010724 |
|
| 801 | 2 |
_aRU _bNLR _c20011004 _grcr |
|
| 942 | _cBOOK | ||
| 980 | _aNB | ||